<?xml version="1.0" encoding="UTF-8"?>
<record
    xmlns:xsi="http://www.w3.org/2001/XMLSchema-instance"
    xsi:schemaLocation="http://www.loc.gov/MARC21/slim http://www.loc.gov/standards/marcxml/schema/MARC21slim.xsd"
    xmlns="http://www.loc.gov/MARC21/slim">

  <leader>02367nam a22001937a 4500</leader>
  <controlfield tag="003">OSt</controlfield>
  <controlfield tag="005">20230106115049.0</controlfield>
  <controlfield tag="008">230106b           ||||| |||| 00| 0 spa d</controlfield>
  <datafield tag="020" ind1=" " ind2=" ">
    <subfield code="a">9789584298584</subfield>
  </datafield>
  <datafield tag="040" ind1=" " ind2=" ">
    <subfield code="c">CO-MqBPB</subfield>
  </datafield>
  <datafield tag="082" ind1=" " ind2=" ">
    <subfield code="a">AN</subfield>
    <subfield code="b">ARCd</subfield>
  </datafield>
  <datafield tag="100" ind1=" " ind2=" ">
    <subfield code="a">Arcos Cabrera, Carlos</subfield>
    <subfield code="e">autor</subfield>
  </datafield>
  <datafield tag="245" ind1="1" ind2="3">
    <subfield code="a">Un d&#xED;a Cualquiera/</subfield>
    <subfield code="c">Carlos Arcos Cabrera</subfield>
  </datafield>
  <datafield tag="264" ind1=" " ind2=" ">
    <subfield code="a">Bogot&#xE1;;</subfield>
    <subfield code="b">Planeta:</subfield>
    <subfield code="c">2021.</subfield>
  </datafield>
  <datafield tag="300" ind1=" " ind2=" ">
    <subfield code="a">369 pg</subfield>
    <subfield code="b">Rustica con solapa</subfield>
    <subfield code="c">23 cm</subfield>
  </datafield>
  <datafield tag="500" ind1=" " ind2=" ">
    <subfield code="a">La historia construye ficciones. La literatura hace ficci&#xF3;n a secas y triunfa o fracasa en ese campo. La historia oficial se construye sobre medias verdades. Fake news que el tiempo consagra como verdades totales&#x94;, Carlos Arcos Cabrera.

Diego y Francisco de Arcos son hermanos y pertenecen a una familia de jud&#xED;os conversos que han tratado de borrar su origen para evitar ser llevados a la hoguera por el Santo Oficio. Corre el a&#xF1;o 1517 y Francisco, el mayor de ellos, decide embarcarse hacia las Indias, donde nadie conoce su pasado. Durante diez a&#xF1;os libra las m&#xE1;s crudas batallas por la conquista de Cuba, M&#xE9;xico y Guatemala, aprende a matar sin culpa y sin piedad, conoce la avaricia y se rinde ante el poder que tiene el oro para corromperlo todo.
Una d&#xE9;cada despu&#xE9;s regresa a Sevilla y encuentra que su hermano Diego tambi&#xE9;n ha partido hacia las Indias, pero regresa al poco tiempo sin mayores satisfacciones. Juntos planean embarcarse de nuevo, movidos por la ambici&#xF3;n de tierras y oro. Su destino ahora es Bir&#xFA;, como se conoc&#xED;a antiguamente al Per&#xFA;. Llevan a su hermano Juan, que muere r&#xE1;pidamente, y siguen su camino hacia la conquista del sur. En sus traves&#xED;as logran conseguir fortuna, tierras, indias y esclavos. Diego, adem&#xE1;s, se hace acreedor de una encomienda heredable a su esposa Catalina y su hija Isabel.
Esta es la historia de dos j&#xF3;venes avezados que so&#xF1;aron con conquistar un nuevo mundo para s&#xED; y lo hicieron. Vieron y fueron part&#xED;cipes de la maldad y la virtud, del dolor y la lujuria, de la codicia, la culpa, el poder y el deseo, de todos los impulsos que movieron a los conquistadores de las Indias para acabar con lo que encontraron a su paso. No en vano dec&#xED;a Hern&#xE1;n Cort&#xE9;s &#x93;el oro todo lo puede&#x94;, para explicar las inefables conductas de los hombres. Una novela fascinante.

Art&#xED;culos relacionados</subfield>
  </datafield>
  <datafield tag="650" ind1=" " ind2=" ">
    <subfield code="2">Novela</subfield>
    <subfield code="a">Historica</subfield>
  </datafield>
  <datafield tag="942" ind1=" " ind2=" ">
    <subfield code="2">ddc</subfield>
    <subfield code="c">BKLIT</subfield>
  </datafield>
  <datafield tag="999" ind1=" " ind2=" ">
    <subfield code="c">14705</subfield>
    <subfield code="d">14705</subfield>
  </datafield>
  <datafield tag="952" ind1=" " ind2=" ">
    <subfield code="0">0</subfield>
    <subfield code="1">0</subfield>
    <subfield code="2">ddc</subfield>
    <subfield code="4">0</subfield>
    <subfield code="7">0</subfield>
    <subfield code="8">LA</subfield>
    <subfield code="a">BPMOS</subfield>
    <subfield code="b">BPMOS</subfield>
    <subfield code="d">2023-01-06</subfield>
    <subfield code="e">Compra</subfield>
    <subfield code="l">5</subfield>
    <subfield code="o">AN ARCd</subfield>
    <subfield code="p">MOS502875</subfield>
    <subfield code="r">2024-12-26</subfield>
    <subfield code="s">2024-11-28</subfield>
    <subfield code="t">Ej 1</subfield>
    <subfield code="w">2023-01-06</subfield>
    <subfield code="y">BKLIT</subfield>
    <subfield code="z">Quince dias</subfield>
  </datafield>
</record>
